Zur Unterscheidung von Substantiv und Adjektiv im Neupersischen

Elmentve itt :
Bibliográfiai részletek
Szerző: Telegdi Zsigmond
Dokumentumtípus: Cikk
Megjelent: Akadémiai Kiadó Budapest 1962
Sorozat:Acta Orientalia Academiae Scientiarum Hungaricae;Acta Orientalia Academiae Scientiarum Hungaricae : a Magyar Tudományos Akadémia orientalisztikai közleményei
Kulcsszavak:Perzsa nyelv - főnév, Perzsa nyelv - melléknév
Tárgyszavak:
Online Access:http://misc.bibl.u-szeged.hu/65741
LEADER 00981nab a2200241 i 4500
001 misc65741
005 20240904144420.0
008 240223s1962 hu o 000 ger d
022 |a 0001-6446 
040 |a SZTE Miscellanea Repozitórium  |b hun 
041 |a ger 
100 1 |a Telegdi Zsigmond 
245 1 4 |a Zur Unterscheidung von Substantiv und Adjektiv im Neupersischen  |h [elektronikus dokumentum] /  |c  Telegdi Zsigmond 
260 |a Akadémiai Kiadó  |b Budapest  |c 1962 
300 |a 325-336  |c 24 cm 
300 |a [12] p.  |c 24 cm 
490 0 |a Acta Orientalia Academiae Scientiarum Hungaricae;Acta Orientalia Academiae Scientiarum Hungaricae : a Magyar Tudományos Akadémia orientalisztikai közleményei 
561 |a Németh Gyula hagyaték 
591 |a NOP 5981 
650 4 |a Bölcsészettudományok 
650 4 |a Nyelvek és irodalom 
695 |a Perzsa nyelv - főnév, Perzsa nyelv - melléknév 
856 4 0 |u http://misc.bibl.u-szeged.hu/65741/1/5981_nop.pdf  |z Dokumentum-elérés